Five Letter Geography - H - Statistics

General Stats
  • This quiz has been taken 77 times
  • The average score is 5 of 10
Answer Stats
Hint Answer % Correct
Country on the island of Hispaniola Haiti
97%
Capital of Vietnam Hanoi
94%
One of the American Great Lakes Huron
93%
Boundary formed by bushes Hedge
76%
Air condition with high water vapor Humid
50%
An area of open uncultivated land Heath
25%
Most populous city in Anhui, China Hefei
19%
A large lake in Nunavut, Canada Hazen
3%
River in the Mexico and Belize border Hondo
3%
A port city in the Azores islands Horta
1%
No matching quizzes found
Score Distribution
Percent of People with Each Score
Percentile by Number Answered
Your Score History
You have not taken this quiz